000 00595cam a2200205 4500500
005 20260329002127.0
041 _afre
042 _adc
100 1 0 _aEltchaninoff, Michel
_eauthor
245 0 0 _aVoyage en pixarosophie
260 _c2010.
500 _a58
690 _aBeauté
690 _aDémocratie
690 _aDessin animé
690 _aOntologie
690 _aSuperpouvoirs
786 0 _nPhilosophie magazine | 45 | 12 | 2010-12-01 | p. 52-52 | 1951-1787
856 4 1 _uhttps://shs.cairn.info/magazine-philosophie-magazine-2010-12-page-52?lang=fr&redirect-ssocas=7080
999 _c1811966
_d1811966